| 000 | 01658nam0a2200313 4500 | ||
|---|---|---|---|
| 001 | RU\NLR\BIBL_A\012003102 | ||
| 005 | 20241209115903.0 | ||
| 010 |
_a978-5-00097-841-2 _9500 |
||
| 021 |
_aRU _bКН-П-19-024512 _9КН-П-19-1854 |
||
| 035 | _a(NLR Aleph) 012003102 | ||
| 035 | _a(RuMoRGB)009938330 | ||
| 090 |
_a11414534 _c11414534 |
||
| 100 | _a20190430d2019 k y0rusy50 ca | ||
| 101 | 0 | _arus | |
| 102 | _aRU | ||
| 105 | _aa|||z|||000zy | ||
| 200 | 1 |
_aПредпринимательство в здравоохранении как механизм развития государственного (муниципального) сектора экономики _eмонография _fН. В. Климовских, И. С. Лебедева _gМинистерство сельского хозяйства РФ, ФГБОУ ВО "Кубанский государственный аграрный университет имени И. Т. Трубилина" |
|
| 210 |
_aКраснодар _cКубГАУ _d2019 |
||
| 215 |
_a135 с. _cил., табл. _d21 |
||
| 320 | _aБиблиогр.: с. 127-134 (85 назв.) | ||
| 606 | 1 |
_aЗдравоохранение _xПредпринимательство _92445675 _3RU\NLR\AUTH\661454576 |
|
| 686 | 1 | _aР11(2)к | |
| 700 | 1 |
_aКлимовских _bН. В. _gНадежда Валерьевна |
|
| 701 | 1 |
_7ca _8rus _aЛебедева _bИ. С. _cканд. экон. наук _gИнна Сергеевна _996460 _3RU\NLR\AUTH\77113535 |
|
| 942 | _cBOOK | ||
| 980 | _aNBR | ||
| 980 | _aNB | ||